BSOP header

Chiang Kai-shek : (Record no. 48971)

MARC details
000 -LEADER
fixed length control field 00718cam a2200229u 4500
001 - CONTROL NUMBER
control field 9279073
005 - DATE AND TIME OF LATEST TRANSACTION
control field 20191122090236.0
008 - FIXED-LENGTH DATA ELEMENTS--GENERAL INFORMATION
fixed length control field 840822s1945 sz cf 000 0 ger
010 ## - LIBRARY OF CONGRESS CONTROL NUMBER
LC control number a 46004720
040 ## - CATALOGING SOURCE
Original cataloging agency DLC
Transcribing agency CarP
Modifying agency DLC
100 1# - MAIN ENTRY--PERSONAL NAME
Personal name Chang, Hsin-hai,
Dates associated with a name . 1898- [from old catalog]
240 00 - UNIFORM TITLE
Uniform title <a href="Chiang Kai-shek :">Chiang Kai-shek :</a>
Language of a work German. [from old catalog]
245 00 - TITLE STATEMENT
Title Chiang Kai-shek :
Remainder of title Asia's man of destiny /
Statement of responsibility, etc by H.H. Chang.
260 ## - PUBLICATION, DISTRIBUTION, ETC. (IMPRINT)
Place of publication, distribution, etc New York :
Name of publisher, distributor, etc Double, Doran & Co.,
Date of publication, distribution, etc 1944.
300 ## - PHYSICAL DESCRIPTION
Extent 357 p. :
Other physical details some ill. ;
Dimensions 22 cm.
336 ## - CONTENT TYPE
Content Type Term text
337 ## - MEDIA TYPE
Media Type Term unmediated
338 ## - CARRIER TYPE
Carrier Type Term volume
600 10 - SUBJECT ADDED ENTRY--PERSONAL NAME
Personal name Chiang, Kai-shek,
Dates associated with a name . 1887- 1975.
906 ## - LOCAL DATA ELEMENT F, LDF (RLIN)
a 0
b cbc
c premunv
d u
e ncip
f 19
g y-gencatlg
942 ## - ADDED ENTRY ELEMENTS (KOHA)
Source of classification or shelving scheme Library of Congress Classification
Item type Books
Holdings
Withdrawn status Lost status Source of classification or shelving scheme Damaged status Not for loan Home library Current library Shelving location Date acquired Inventory number Total Checkouts Full call number Barcode Date last seen Price effective from Koha item type
    Library of Congress Classification     BSOP Library BSOP Library GC 11/22/2019 117   DS778.C55 C43 00021409 11/22/2019 11/22/2019 Books
BSOP

Biblical Seminary of the Philippines
  All rights Reserved
  © 2024

CONTACT INFORMATION

Biblical Seminary of the Philippines,
  77-B Karuhatan Road, Valenzuela City,
  PHILIPPINES 1441
  Phone: +632 8292-6795 / 8292-6798
  Fax : +632 8292-6675
  Email: library@bsop.edu.ph